Quizzes
Events
Quiz Creation
Community
Videos
Private Events
Remove Ads
Sign In
Join for FREE
Feedback
Dark Mode
Quiz Categories
Sports
Geography
Music
Movies
Television
Just For Fun
Miscellaneous
History
Literature
Language
Science
Gaming
Entertainment
Religion
Holiday
For Kids
Quiz Lab
Recent
Popular Today
Quiz Kudos Today
Editor Picks
Curator Picks
Quizzes by...
Day
Popularity
Type
Ratings
Length
Year
Community
Subscriptions
Recent Discussions
Orange Saloon
Badges
Playlists
Quests
Create
Leaderboards
Showdown
Live 5
Trivia Bingo
Activity
Puzzle Library
Sporcle Events
Private Events
Virtual Trivia
Globe League
Become a Host
Pub Owners
SporcleCon
Opinionation
Our Games
Videos
Blog
Mobile Apps
Partnerships
Remove Ads and Go Orange
Feedback
Music
Pop Music
The Beatles
Song
Album
Lyrics
Bands
Singers
Artist
Clip
Rock
Rap
Classical
Billboard
Country Music
Kpop
Taylor Swift
Music
Pop Music
The Beatles
Song
Album
Lyrics
Bands
Singers
Artist
Clip
Rock
Rap
Classical
Billboard
Country Music
Kpop
Taylor Swift
Random Quiz
Search Sporcle
×
Quiz Lab
Quiz Lab
Music
World
Type in answers that appear in a list
Type in answers that appear in a list
Classic
Best Score? Go Orange.
Lyrics: 'Closer' by Jimmy Eat World Stats
Can you name the lyrics to 'Closer' by Jimmy Eat World?
By
Fish1987
20m
143 Questions
36 Plays
36 Plays
36 Plays
Comments
Comments
Give Quiz Kudos
Give Quiz Kudos
-
- Ratings
hide this ad
Replay
Link that replays current quiz
Next Quiz
Link to next quiz in quiz playlist
You Got
0%
They Got
Avg Score
86%
Avg Friend Score
Upgrade to see
Score Distribution
Jump to the score distribution portion of the page
Score
0/143
Timer
20:00
0
Plays Today
% Correct
I
100%
a
100%
I
100%
I
100%
a
100%
I
100%
I
100%
a
100%
I
100%
Every
94.3%
day
94.3%
get
94.3%
little
94.3%
closer,
94.3%
get
94.3%
I'll
94.3%
I'll
94.3%
and
94.3%
I'll
94.3%
be
94.3%
Every
94.3%
day
94.3%
little
94.3%
I'll
94.3%
no
94.3%
no
94.3%
and
94.3%
I'll
94.3%
be
94.3%
I'll
94.3%
No
94.3%
no
94.3%
Every
94.3%
day
94.3%
get
94.3%
little
94.3%
closer,
94.3%
get
94.3%
dear.
91.4%
you
91.4%
me
91.4%
me,
91.4%
never
91.4%
who
91.4%
you
91.4%
dear.
91.4%
you
91.4%
to
91.4%
% Correct
me
91.4%
never
91.4%
who
91.4%
you
91.4%
dear.
91.4%
to
91.4%
Will
88.6%
there?
88.6%
sunshine,
88.6%
Remember
88.6%
my
88.6%
try
88.6%
want
88.6%
Remember
88.6%
my
88.6%
Gonna
88.6%
all
88.6%
night
88.6%
there.
88.6%
Not
88.6%
much
88.6%
nothing
88.6%
love
85.7%
us
85.7%
Write
85.7%
name
85.7%
somewhere
85.7%
safe.
85.7%
Touch
85.7%
taste,
85.7%
with
85.7%
dream.
85.7%
harder,
85.7%
But
85.7%
those
85.7%
things
85.7%
do,
85.7%
don't
85.7%
hear.
85.7%
Write
85.7%
name
85.7%
somewhere
85.7%
safe.
85.7%
Touch
85.7%
taste
85.7%
with
85.7%
dream.
85.7%
drive
85.7%
% Correct
until
85.7%
left
85.7%
say.
85.7%
when
82.9%
need
82.9%
need
82.9%
Pour
82.9%
whiskey,
82.9%
You'll
82.9%
have
82.9%
have
82.9%
You'll
82.9%
have
82.9%
have
82.9%
fast
82.9%
time
82.9%
we
82.9%
said
80%
one
80%
one
80%
said
80%
one
80%
one
80%
pretty
80%
darling
77.1%
rest.
77.1%
water,
77.1%
kiss.
77.1%
she
77.1%
smiling
77.1%
space
77.1%
yours
77.1%
mine,
77.1%
she
77.1%
smiling
77.1%
space,
77.1%
yours
77.1%
mine.
77.1%
can
77.1%
right.
74.3%
right.
74.3%
guilty,
71.4%
guilty,
71.4%
waste,
71.4%
fades
68.6%
fades
68.6%
La la la
57.1%
Quiz Playlist
Details
Report
Send in Message
Add To Playlist
Classic:
Type in answers that appear in a list
Last Updated: Feb 16, 2017
Quiz Scoreboard
CHALLENGE
Sign Up to Join the Scoreboard
Show All
Scores
Hide
Comments
May contain spoilers
Recently Published
Alphabetical 'K' Countries by Flag Minefield
by ylime102
Geography
3m
Pick 6: Fruits
by JohnFran
Miscellaneous
15s
Click the 1999 NBA Draft
by nibperrychub
Sports
2m
More to Explore
Quiz From the Vault
Featured Blog Post
15 Basketball Trivia Facts You Can Be March Mad About
hide this ad
You Might Also Like...
Tags
World Quiz
Closer
eat
Jimmy
Jimmy Eat World
Today's Top Quizzes in Music
Browse Music
hide this ad
Today's Top Quizzes in World
Browse World
Top Contributed Quizzes in Music
1
Taylor Swift All Songs (2024)
2
Image Sorting: Rock Albums II
3
Image Sorting: Rock Albums III
4
Image Sorting: Rock Albums IV
5
Image Sorting: Rock Albums V
6
Taylor Swift Logic Puzzle
7
Image Sorting: Rock Albums VI
8
Adjectives in 80s Songs
9
Nickname Match: Musicians
10
Image Sorting: Album Titles
Explore More
Trending Topics
Marvel
Kpop
Crossword
Harry Potter
Anime
Disney
NBA
Soccer
Puzzle
Song
NFL
WWE
The Office
Pokémon
Country
hide this ad
More By:
Fish1987
Quiz
Plays
Rating
Category
Featured
Created
Wimbledon men's semi-finalists (open era)
8,375
4.88
Sports
Feb 12, 2019
Tennis open era male grand slam winners
7,006
4.94
Sports
Jul 8, 2012
Premier League Logic Puzzle
6,649
3.38
Sports
Jun 26, 2013
Tennis open era female grand slam winners
5,396
4.50
Sports
Jul 10, 2013
English Football 2nd Tier Teams Since 1992
3,812
4.56
Sports
Feb 24, 2010
Go to Creator's Profile
Score Distribution
Quiz Creator Spotlight
Fish1987
Follow
Send a Message
Quizzes Created
-
Created Quiz Play Count
-
More By This Creator
Popular Quizzes Today
1
Find the US States - No Outlines Minefield
2
Pick 6: Fruits
3
Countries of Asia Without Outlines Minefield
4
Alphabetical 'K' Countries by Flag Minefield
5
The Countries of the World
6
Match the Book to the Film X
7
Click the 1999 NBA Draft
8
NBA Logic Puzzle
More Music Quizzes
Top 100 Songs of 1985 by ANY Word
Curator's Pick
Trending Quizzes
Donkey Kong Minefield
Multiplication Danger Zone
DC Extended Universe: Oldest to Newest
The 3rd Thing You Need to Know: Actresses
Minefield Map: North American Capitals
Recently Updated
Women's Final Four Teams by Year
bhenderson79
Presidents Quartet II
eogle
Anything But Clue(do)
eogle
Anything But Oceanian Capitals
eogle
Anything But 7
eogle
Anything But Thing
eogle
Word Ladder: February 29
pecheneg
Song Title Questions
pecheneg
Women's NCAA Tournament #1 Seeds
pecheneg
Celebrity Mug Shots
pecheneg
Trending Topics
Disney
Marvel
Harry Potter
Crossword
Anime
NBA
Kpop
NFL
Country
Soccer
WWE
Song
Puzzle
Pokémon
The Office
Your Account Isn't Verified!
In order to create a playlist on Sporcle, you need to verify the email address you used during registration. Go to your
Sporcle Settings
to finish the process.
Report this User
Report this user for behavior that violates our
Community Guidelines
.
Details:
Send Report
Go to the Sporcle.com Mobile Site →
Comments